[Event "Annex op"]
[Site "Toronto CAN"]
[Date "2023.09.04"]
[Round "6"]
[White "Preotu, Razvan"]
[Black "Findlay, Ian"]
[Result "1-0"]
[WhiteElo "2475"]
[BlackElo "2123"]
[WhiteFideId "-1"]
[WhiteFideId "-1"]
[PlyCount "60"]
[GameId "2160767907047417"]
[EventDate "2023.09.02"]
[EventType "swiss"]
[EventRounds "6"]
[EventCountry "CAN"]
[SourceTitle "CBM 216 Extra"]
[Source "ChessBase"]
[SourceDate "2023.11.30"]
[SourceVersion "1"]
[SourceVersionDate "2023.11.30"]
[SourceQuality "1"]

1. e4 c5 2. Nf3 d6 3. d4 cxd4 4. Nxd4 Nf6 5. Nc3 g6 6. Be3 Bg7 7. f3 Nc6 8. Qd2 O-O 9. O-O-O d5 10. exd5 Nxd5 11. Nxc6 bxc6 12. Bd4 Bxd4 13. Qxd4 Qb6 14. Na4 Qc7 15. g3 Bf5 16. Qc5 Rfd8 17. Bc4 Nb6 18. Bb3 Rd6 19. Nc3 Rad8 20. Nb5 Qd7 21. Nxd6 exd6 22. Qc3 c5 23. g4 Be6 24. Bxe6 Qxe6 25. b3 Nd5 26. Qd2 Nb4 27. c3 Nc6 28. Qd5 Qe3+ 29. Kb1 Ne5 30. Rhe1 Kf8 1-0

[Event "Speed Chess Q2 Sw"]
[Site "Chess.com INT"]
[Date "2023.08.23"]
[Round "1"]
[White "Preotu, Razvan"]
[Black "Topalov, Aleksandar"]
[Result "1-0"]
[WhiteElo "2475"]
[BlackElo "2233"]
[WhiteFideId "-1"]
[WhiteFideId "-1"]
[PlyCount "37"]
[GameId "1951102455685120"]
[EventDate "2023.08.23"]
[EventType "swiss (blitz)"]
[EventRounds "14"]
[EventCountry "USA"]
[SourceTitle "CBM 215 Extra"]
[Source "ChessBase"]
[SourceDate "2023.09.30"]
[SourceVersion "1"]
[SourceVersionDate "2023.09.30"]
[SourceQuality "1"]

1. e4 e6 2. d4 d5 3. Nc3 Bb4 4. e5 Qd7 5. h4 h5 6. a3 Bxc3+ 7. bxc3 b6 8. a4 Ba6 9. Bxa6 Nxa6 10. Ne2 Nb8 11. Ng3 g6 12. a5 Nc6 13. axb6 cxb6 14. Bg5 Na5 15. O-O Nc4 16. Qf3 Nh6 17. Qf6 Rh7 18. Bxh6 Rxh6 19. Qg7 1-0

[Event "Speed Chess Q2 Sw"]
[Site "Chess.com INT"]
[Date "2023.08.23"]
[Round "3"]
[White "Indjic, Aleksandar"]
[Black "Preotu, Razvan"]
[Result "1-0"]
[WhiteElo "2601"]
[BlackElo "2475"]
[WhiteFideId "-1"]
[WhiteFideId "-1"]
[PlyCount "63"]
[GameId "1951102456516608"]
[EventDate "2023.08.23"]
[EventType "swiss (blitz)"]
[EventRounds "14"]
[EventCountry "USA"]
[SourceTitle "CBM 215 Extra"]
[Source "ChessBase"]
[SourceDate "2023.09.30"]
[SourceVersion "1"]
[SourceVersionDate "2023.09.30"]
[SourceQuality "1"]

1. d4 Nf6 2. c4 g6 3. Nc3 d5 4. Nf3 Bg7 5. h4 dxc4 6. e4 c5 7. d5 b5 8. h5 O-O 9. hxg6 fxg6 10. e5 Ng4 11. d6 e6 12. Rxh7 Nc6 13. Ne4 Ngxe5 14. Nxe5 Nxe5 15. Rxg7+ Kxg7 16. Bg5 Qa5+ 17. Bd2 b4 18. a3 Qb5 19. Qc1 Bb7 20. Bh6+ Kg8 21. Qg5 Rf5 22. Qe7 Rf7 23. Nf6+ Kh8 24. Qxe6 bxa3 25. Qxe5 Qxb2 26. Ng4+ Kh7 27. Be3 c3 28. Rc1 a2 29. Bc4 a1=Q 30. Qh2+ Kg7 31. Qh6+ Kg8 32. Nf6# 1-0

[Event "Speed Chess Q2 Sw"]
[Site "Chess.com INT"]
[Date "2023.08.23"]
[Round "6"]
[White "Zhigalko, Sergei"]
[Black "Preotu, Razvan"]
[Result "1-0"]
[WhiteElo "2572"]
[BlackElo "2475"]
[WhiteFideId "-1"]
[WhiteFideId "-1"]
[PlyCount "77"]
[GameId "1951102457651200"]
[EventDate "2023.08.23"]
[EventType "swiss (blitz)"]
[EventRounds "14"]
[EventCountry "USA"]
[SourceTitle "CBM 215 Extra"]
[Source "ChessBase"]
[SourceDate "2023.09.30"]
[SourceVersion "1"]
[SourceVersionDate "2023.09.30"]
[SourceQuality "1"]

1. e4 e6 2. d4 d5 3. e5 c5 4. c3 Nc6 5. Nf3 Qb6 6. Bd3 cxd4 7. O-O Bd7 8. Re1 Nge7 9. h4 h6 10. h5 Rc8 11. a3 a6 12. b4 dxc3 13. Nxc3 Nxb4 14. Na4 Bxa4 15. Qxa4+ Nbc6 16. Rb1 Qa5 17. Qg4 b5 18. Re2 Qd8 19. a4 Na7 20. Be3 Nec6 21. Rc2 Nb4 22. Rxb4 Rxc2 23. Bxc2 Bxb4 24. Qxb4 Nc6 25. Qg4 Kf8 26. Bc5+ Kg8 27. axb5 axb5 28. Bd6 Na5 29. Qb4 Nc4 30. Bd3 f6 31. Be7 Qd7 32. exf6 gxf6 33. Bxf6 Rh7 34. Bxh7+ Kxh7 35. Ne5 Nxe5 36. Bxe5 Qf7 37. Qxb5 Qxh5 38. Qd7+ Kg6 39. Qe8+ 1-0

[Event "Speed Chess Q2 Sw"]
[Site "Chess.com INT"]
[Date "2023.08.23"]
[Round "8"]
[White "Pichot, Alan"]
[Black "Preotu, Razvan"]
[Result "1-0"]
[WhiteElo "2642"]
[BlackElo "2475"]
[WhiteFideId "-1"]
[WhiteFideId "-1"]
[PlyCount "93"]
[GameId "1951102458355712"]
[EventDate "2023.08.23"]
[EventType "swiss (blitz)"]
[EventRounds "14"]
[EventCountry "USA"]
[SourceTitle "CBM 215 Extra"]
[Source "ChessBase"]
[SourceDate "2023.09.30"]
[SourceVersion "1"]
[SourceVersionDate "2023.09.30"]
[SourceQuality "1"]

1. e4 c5 2. Nf3 d6 3. d4 cxd4 4. Nxd4 Nf6 5. Nc3 a6 6. Bd3 e5 7. Nde2 Be7 8. O-O O-O 9. Ng3 Be6 10. Nd5 Nxd5 11. exd5 Bxd5 12. Bxh7+ Kxh7 13. Qxd5 Nc6 14. f4 Bf6 15. Ne4 Be7 16. f5 Qb6+ 17. Kh1 Qb5 18. Qd1 d5 19. Ng3 Rh8 20. Qg4 Qc4 21. Qxc4 dxc4 22. Ne4 Nb4 23. Rf2 Rad8 24. Be3 Nd5 25. Bc5 Bxc5 26. Nxc5 b6 27. Ne4 f6 28. g3 Ne7 29. b3 Rd4 30. Re1 Rhd8 31. Kg2 b5 32. Nc5 b4 33. Ne6 c3 34. Nxd8 Rxd8 35. a3 a5 36. axb4 axb4 37. Re4 Nc6 38. Rc4 Rd6 39. Kf3 Kg8 40. Ke4 Kf7 41. Rf1 Ke7 42. Ra1 Kd7 43. Ra6 Kc7 44. Ra7+ Kb6 45. Rxg7 Rd2 46. Rf7 Re2+ 47. Kf3 1-0

[Event "chess.com SpeedChess Q2Sw"]
[Site "chess.com INT"]
[Date "2023.08.23"]
[Round "2"]
[White "Yakubboev, Nodirbek"]
[Black "Preotu, Razvan"]
[Result "0-1"]
[WhiteElo "2630"]
[BlackElo "2475"]
[WhiteFideId "-1"]
[WhiteFideId "-1"]
[PlyCount "80"]
[GameId "2130307555267715"]
[EventDate "2023.08.23"]
[EventType "swiss (blitz)"]
[EventRounds "14"]
[EventCountry "NET"]
[SourceTitle "The Week in Chess 1503"]
[Source "Mark Crowther"]
[SourceDate "2023.08.28"]
[SourceVersion "1"]
[SourceVersionDate "2023.08.28"]
[SourceQuality "2"]

1. c4 c5 2. g3 Nf6 3. Bg2 d5 4. cxd5 Nxd5 5. Nc3 Nc7 6. d3 e5 7. Be3 Be7 8. Rc1 Nd7 9. Nf3 O-O 10. O-O b6 11. Qa4 a5 12. Rfd1 Bb7 13. Nxe5 b5 14. Qc2 Bxg2 15. Nxd7 Qxd7 16. Kxg2 Ne6 17. Qb3 Rfb8 18. Qd5 Qxd5+ 19. Nxd5 Bf8 20. d4 c4 21. Nf4 a4 22. d5 Nc5 23. Bxc5 Bxc5 24. e4 Bd6 25. a3 Re8 26. f3 f5 27. Ne6 fxe4 28. fxe4 Be5 29. Nd4 Bf6 30. Kf3 Rf8 31. Kg4 Rae8 32. Ne6 Bxb2 33. Rb1 c3 34. Rxb2 cxb2 35. Rb1 Rf2 36. e5 b4 37. axb4 a3 38. d6 Rxe6 39. d7 Rd2 40. Kf5 Kf7 0-1

[Event "chess.com SpeedChess Q2Sw"]
[Site "chess.com INT"]
[Date "2023.08.23"]
[Round "4"]
[White "Preotu, Razvan"]
[Black "Makarian, Rudik"]
[Result "1-0"]
[WhiteElo "2475"]
[BlackElo "2546"]
[WhiteFideId "-1"]
[WhiteFideId "-1"]
[PlyCount "67"]
[GameId "2130307555271862"]
[EventDate "2023.08.23"]
[EventType "swiss (blitz)"]
[EventRounds "14"]
[EventCountry "NET"]
[SourceTitle "The Week in Chess 1503"]
[Source "Mark Crowther"]
[SourceDate "2023.08.28"]
[SourceVersion "1"]
[SourceVersionDate "2023.08.28"]
[SourceQuality "2"]

1. e4 c5 2. Nf3 Nc6 3. Bb5 e6 4. O-O Nd4 5. Nxd4 cxd4 6. c3 a6 7. Ba4 b5 8. Bc2 Bc5 9. b4 Bb6 10. Bb2 Ne7 11. cxd4 d5 12. d3 Bb7 13. a4 O-O 14. axb5 axb5 15. Rxa8 Qxa8 16. Na3 Bc6 17. e5 Nf5 18. Qg4 Qd8 19. Bb3 Qe7 20. Nc2 Ra8 21. g3 g6 22. h4 h5 23. Qf4 Kg7 24. Kg2 Bb7 25. Bc1 Rc8 26. Bd2 Rc6 27. Rh1 Qc7 28. g4 hxg4 29. Ne3 Rc3 30. Nxf5+ exf5 31. Qh6+ Kg8 32. Bg5 Qc8 33. Bf6 Qf8 34. Qh8# 1-0

[Event "chess.com SpeedChess Q2Sw"]
[Site "chess.com INT"]
[Date "2023.08.23"]
[Round "5"]
[White "Sargsyan, Shant"]
[Black "Preotu, Razvan"]
[Result "1-0"]
[WhiteElo "2639"]
[BlackElo "2475"]
[WhiteFideId "-1"]
[WhiteFideId "-1"]
[PlyCount "73"]
[GameId "2130307555271888"]
[EventDate "2023.08.23"]
[EventType "swiss (blitz)"]
[EventRounds "14"]
[EventCountry "NET"]
[SourceTitle "The Week in Chess 1503"]
[Source "Mark Crowther"]
[SourceDate "2023.08.28"]
[SourceVersion "1"]
[SourceVersionDate "2023.08.28"]
[SourceQuality "2"]

1. c4 c5 2. Nf3 Nf6 3. d4 cxd4 4. Nxd4 e6 5. g3 d5 6. Bg2 e5 7. Nf3 d4 8. O-O Nc6 9. e3 Be7 10. exd4 exd4 11. Bf4 O-O 12. Ne5 Qb6 13. Re1 Be6 14. Qb3 Qa5 15. Nd2 Nxe5 16. Rxe5 Qb4 17. Bxb7 Rad8 18. Rb5 Qxb3 19. axb3 Nd7 20. b4 Nb6 21. b3 Bd7 22. Rc5 Bxc5 23. bxc5 Nc8 24. c6 Bf5 25. c7 Rde8 26. Nf3 Be4 27. Bxc8 Bxf3 28. Bd7 d3 29. Bxe8 Rxe8 30. Be3 g5 31. Kf1 f5 32. Ra5 f4 33. Rxg5+ Kf7 34. Rf5+ Kg6 35. Rxf4 Rxe3 36. fxe3 d2 37. Rd4 1-0

[Event "Titled Tuesday 2023.08.22 Late"]
[Site "chess.com INT"]
[Date "2023.08.22"]
[Round "2"]
[White "Preotu, Razvan"]
[Black "Sernecki, Franciszek"]
[Result "1-0"]
[WhiteElo "2475"]
[BlackElo "2303"]
[WhiteFideId "-1"]
[WhiteFideId "-1"]
[PlyCount "47"]
[GameId "2130307555322136"]
[EventDate "2023.08.22"]
[EventType "swiss (blitz)"]
[EventRounds "11"]
[EventCountry "NET"]
[SourceTitle "The Week in Chess 1503"]
[Source "Mark Crowther"]
[SourceDate "2023.08.28"]
[SourceVersion "1"]
[SourceVersionDate "2023.08.28"]
[SourceQuality "2"]

1. e4 c5 2. Nf3 Nc6 3. Bb5 e6 4. O-O Nge7 5. Re1 a6 6. Bf1 d5 7. exd5 exd5 8. d4 c4 9. b3 b5 10. a4 Bg4 11. axb5 axb5 12. Rxa8 Qxa8 13. Nc3 Na7 14. Ba3 g6 15. Qe2 Nac8 16. Nxb5 Bxf3 17. Qxf3 Qc6 18. bxc4 Bg7 19. cxd5 Qxc2 20. d6 O-O 21. dxe7 Re8 22. d5 Qd2 23. Rd1 Qa5 24. d6 1-0

[Event "Julius Baer Play In"]
[Site "Chess.com INT"]
[Date "2023.07.24"]
[Round "1.32"]
[White "Preotu, Razvan"]
[Black "Bluebaum, Matthias"]
[Result "1/2-1/2"]
[WhiteElo "2481"]
[BlackElo "2672"]
[WhiteFideId "-1"]
[WhiteFideId "-1"]
[PlyCount "127"]
[GameId "1938373578776576"]
[EventDate "2023.07.24"]
[EventType "swiss (rapid)"]
[EventRounds "9"]
[EventCountry "GER"]
[SourceTitle "CBM 215 Extra"]
[Source "ChessBase"]
[SourceDate "2023.09.30"]
[SourceVersion "1"]
[SourceVersionDate "2023.09.30"]
[SourceQuality "1"]

1. e4 e6 2. d4 d5 3. Nc3 Nf6 4. e5 Nfd7 5. f4 c5 6. Nf3 Nc6 7. Be3 a6 8. Ne2 Qb6 9. Qc1 Be7 10. c3 O-O 11. h4 f6 12. h5 h6 13. g3 cxd4 14. Nexd4 Nxd4 15. cxd4 fxe5 16. dxe5 Bc5 17. Kf2 Bxe3+ 18. Qxe3 Nc5 19. Qd4 Bd7 20. Kg2 a5 21. Be2 Bb5 22. Rhe1 Bxe2 23. Rxe2 Qb5 24. Rc2 b6 25. Qe3 Qe8 26. Rh1 Rc8 27. Nd4 Rf7 28. Qe2 Rfc7 29. Nb5 d4 30. Nxc7 Rxc7 31. Qf3 d3 32. Rd2 Qa4 33. b3 Qd4 34. Re1 Rd7 35. Qe3 Qd5+ 36. Kh2 Rd8 37. g4 Rf8 38. Rf2 Rd8 39. Rg2 Kh8 40. g5 hxg5 41. Rxg5 d2 42. Rd1 Qe4 43. Qxe4 Nxe4 44. Rg2 Rc8 45. Rgxd2 Nxd2 46. Rxd2 Rc3 47. Kg2 Kg8 48. Rd6 Kf7 49. Rxb6 Rc2+ 50. Kf3 Rxa2 51. Rb7+ Kf8 52. Ke3 a4 53. bxa4 Rxa4 54. Rd7 Rb4 55. Kf3 Ra4 56. Kg4 Ra1 57. Rd3 Kf7 58. Rg3 Rf1 59. Kg5 Rh1 60. Rg4 Rh2 61. Rg1 Rf2 62. Rg3 Rh2 63. Rg4 Rh1 64. Rg3 1/2-1/2

[Event "Julius Baer Play In"]
[Site "Chess.com INT"]
[Date "2023.07.24"]
[Round "2.41"]
[White "Anton Guijarro, David"]
[Black "Preotu, Razvan"]
[Result "1-0"]
[WhiteElo "2691"]
[BlackElo "2481"]
[WhiteFideId "-1"]
[WhiteFideId "-1"]
[PlyCount "51"]
[GameId "1938373579145216"]
[EventDate "2023.07.24"]
[EventType "swiss (rapid)"]
[EventRounds "9"]
[EventCountry "GER"]
[SourceTitle "CBM 215 Extra"]
[Source "ChessBase"]
[SourceDate "2023.09.30"]
[SourceVersion "1"]
[SourceVersionDate "2023.09.30"]
[SourceQuality "1"]

1. d4 Nf6 2. Nf3 g6 3. Bg5 Bg7 4. Nbd2 O-O 5. e4 d6 6. h3 c5 7. dxc5 dxc5 8. Bc4 Nc6 9. Qe2 Nd7 10. c3 Nde5 11. Bd5 Qc7 12. Nxe5 Nxe5 13. f4 Nc6 14. e5 Bf5 15. Nf3 h6 16. Bh4 Na5 17. g4 Be6 18. Bxe6 fxe6 19. Bg3 Rad8 20. O-O c4 21. Nd4 Qb6 22. Kh2 Rd5 23. Rf2 Rfd8 24. Qe4 Kh7 25. Raf1 Rf8 26. h4 1-0

[Event "Julius Baer Play In"]
[Site "Chess.com INT"]
[Date "2023.07.24"]
[Round "5.69"]
[White "Brunello, Sabino"]
[Black "Preotu, Razvan"]
[Result "1-0"]
[WhiteElo "2505"]
[BlackElo "2481"]
[WhiteFideId "-1"]
[WhiteFideId "-1"]
[PlyCount "83"]
[GameId "1938373580251136"]
[EventDate "2023.07.24"]
[EventType "swiss (rapid)"]
[EventRounds "9"]
[EventCountry "GER"]
[SourceTitle "CBM 215 Extra"]
[Source "ChessBase"]
[SourceDate "2023.09.30"]
[SourceVersion "1"]
[SourceVersionDate "2023.09.30"]
[SourceQuality "1"]

1. d4 d5 2. c4 Nc6 3. Nc3 Nf6 4. Nf3 dxc4 5. Bg5 h6 6. Bh4 a6 7. d5 Na5 8. e4 c6 9. Be2 b5 10. dxc6 Qxd1+ 11. Rxd1 Nxc6 12. e5 g5 13. exf6 gxh4 14. a4 Rb8 15. axb5 axb5 16. fxe7 Bg7 17. O-O Nxe7 18. Nd4 Bd7 19. Rfe1 O-O 20. Bxc4 bxc4 21. Rxe7 Rfd8 22. h3 Be8 23. Nf5 Rxd1+ 24. Nxd1 Ba4 25. Nde3 Kf8 26. Re4 Rxb2 27. Rxc4 Bd7 28. Rxh4 Bxf5 29. Nxf5 Be5 30. g3 Rb1+ 31. Kg2 Bg7 32. Rg4 Bf6 33. Nxh6 Rb2 34. Nf5 Bd8 35. Rc4 Ke8 36. Re4+ Kf8 37. Kf3 Bb6 38. Re2 Rb3+ 39. Kg4 Rb4+ 40. f4 Rb3 41. h4 Rb1 42. h5 1-0

[Event "Julius Baer Play In"]
[Site "Chess.com INT"]
[Date "2023.07.24"]
[Round "6.71"]
[White "Golubev, Mikhail"]
[Black "Preotu, Razvan"]
[Result "1-0"]
[WhiteElo "2461"]
[BlackElo "2481"]
[WhiteFideId "-1"]
[WhiteFideId "-1"]
[PlyCount "39"]
[GameId "1938373580578816"]
[EventDate "2023.07.24"]
[EventType "swiss (rapid)"]
[EventRounds "9"]
[EventCountry "GER"]
[SourceTitle "CBM 215 Extra"]
[Source "ChessBase"]
[SourceDate "2023.09.30"]
[SourceVersion "1"]
[SourceVersionDate "2023.09.30"]
[SourceQuality "1"]

1. e4 c5 2. Nf3 d6 3. d4 cxd4 4. Nxd4 Nf6 5. Nc3 a6 6. Bc4 e6 7. O-O Be7 8. Bb3 b5 9. Qf3 Qb6 10. Be3 Qb7 11. Qg3 Nbd7 12. Rad1 Nc5 13. e5 dxe5 14. Nf5 Nxb3 15. Nxg7+ Kf8 16. Bh6 Na5 17. Nxe6+ Ke8 18. Ng7+ Kf8 19. Nh5+ Ke8 20. Qg7 1-0

[Event "Julius Baer Play In"]
[Site "Chess.com INT"]
[Date "2023.07.24"]
[Round "7.72"]
[White "Preotu, Razvan"]
[Black "Krysa, Leandro"]
[Result "1/2-1/2"]
[WhiteElo "2481"]
[BlackElo "2549"]
[WhiteFideId "-1"]
[WhiteFideId "-1"]
[PlyCount "79"]
[GameId "1938373580894208"]
[EventDate "2023.07.24"]
[EventType "swiss (rapid)"]
[EventRounds "9"]
[EventCountry "GER"]
[SourceTitle "CBM 215 Extra"]
[Source "ChessBase"]
[SourceDate "2023.09.30"]
[SourceVersion "1"]
[SourceVersionDate "2023.09.30"]
[SourceQuality "1"]

1. e4 e5 2. Nf3 Nc6 3. Bc4 Nf6 4. d3 Be7 5. O-O O-O 6. Re1 d6 7. a4 a5 8. c3 h6 9. Nbd2 Nh7 10. Nf1 Ng5 11. Ne3 Nxf3+ 12. Qxf3 Bg5 13. g3 Be6 14. b3 Qd7 15. h4 Bxe3 16. Bxe3 Ne7 17. Qg2 Rfe8 18. Rad1 Bg4 19. f3 Be6 20. Bxe6 Qxe6 21. c4 c6 22. d4 exd4 23. Bxd4 h5 24. Qd2 Qh3 25. Qg5 Ng6 26. f4 Rac8 27. f5 Ne5 28. Bxe5 Rxe5 29. Rxd6 Rce8 30. Rd8 f6 31. Rxe8+ Rxe8 32. Qg6 Rd8 33. e5 Rd2 34. Qe8+ Kh7 35. Qxh5+ Kg8 36. Qe8+ Kh7 37. Qg6+ Kg8 38. Qe8+ Kh7 39. Qg6+ Kg8 40. Qe8+ 1/2-1/2

[Event "Julius Baer Play-In"]
[Site "chess.com INT"]
[Date "2023.07.24"]
[Round "3.58"]
[White "Preotu, Razvan"]
[Black "Van Foreest, Jorden"]
[Result "1/2-1/2"]
[WhiteElo "2481"]
[BlackElo "2693"]
[WhiteFideId "-1"]
[WhiteFideId "-1"]
[PlyCount "133"]
[GameId "2130307556904736"]
[EventDate "2023.07.24"]
[EventType "swiss (rapid)"]
[EventRounds "9"]
[EventCountry "NET"]
[SourceTitle "The Week in Chess 1498"]
[Source "Mark Crowther"]
[SourceDate "2023.07.24"]
[SourceVersion "2"]
[SourceVersionDate "2023.07.25"]
[SourceQuality "2"]

1. e4 e5 2. Nf3 Nc6 3. Bc4 Nf6 4. d3 Be7 5. O-O O-O 6. Re1 d6 7. a4 Na5 8. Ba2 c5 9. c3 Nc6 10. Na3 h6 11. Bd2 a6 12. h3 Bd7 13. b4 cxb4 14. cxb4 d5 15. Nc2 Be6 16. b5 axb5 17. axb5 dxe4 18. Bxe6 Rxa1 19. Qxa1 exf3 20. bxc6 fxe6 21. cxb7 Qxd3 22. Qxe5 Qxd2 23. Qxe6+ Kh7 24. Qf5+ Kh8 25. Rxe7 fxg2 26. Qc8 Ne8 27. Qc5 Nd6 28. Qd4 Qc1+ 29. Ne1 Nf5 30. Qd7 Nxe7 31. Qxe7 Qf4 32. Nd3 Qf3 33. Qd6 Kh7 34. b8=Q Rxb8 35. Qxb8 Qxd3 36. Kxg2 Qe4+ 37. Kh2 Kg6 38. Qg3+ Kf6 39. Kg1 g5 40. Qg4 Qf5 41. Qh5 Kg7 42. Kg2 Qe4+ 43. Qf3 Qe5 44. Qe3 Qd5+ 45. Qf3 Qd6 46. Qe4 Qf6 47. Kg3 h5 48. h4 g4 49. Qf4 Qc3+ 50. Kg2 Qh3+ 51. Kg1 Qxh4 52. Qc7+ Kg6 53. Qc2+ Kh6 54. Qc6+ Kg7 55. Qc7+ Kf8 56. Qd6+ Kf7 57. Qd5+ Kg7 58. Qe5+ Kh6 59. Qe6+ Kg7 60. Qe5+ Kg6 61. Qe4+ Kf6 62. Qd4+ Ke6 63. Qe4+ Kd6 64. Qd4+ Ke7 65. Qe5+ Kf7 66. Qf5+ Kg7 67. Qe5+ 1/2-1/2

[Event "Julius Baer Play-In"]
[Site "chess.com INT"]
[Date "2023.07.24"]
[Round "4.56"]
[White "Preotu, Razvan"]
[Black "Maghsoodloo, Parham"]
[Result "0-1"]
[WhiteElo "2481"]
[BlackElo "2719"]
[WhiteFideId "-1"]
[WhiteFideId "-1"]
[PlyCount "62"]
[GameId "2130307556904749"]
[EventDate "2023.07.24"]
[EventType "swiss (rapid)"]
[EventRounds "9"]
[EventCountry "NET"]
[SourceTitle "The Week in Chess 1498"]
[Source "Mark Crowther"]
[SourceDate "2023.07.24"]
[SourceVersion "2"]
[SourceVersionDate "2023.07.25"]
[SourceQuality "2"]

1. e4 c5 2. Nf3 d6 3. d4 cxd4 4. Nxd4 Nf6 5. Nc3 a6 6. Rg1 e5 7. Nb3 h5 8. Bg5 Be6 9. Qd2 Nbd7 10. f4 Rc8 11. O-O-O b5 12. Bd3 Qc7 13. Kb1 Be7 14. h3 b4 15. Nd5 Bxd5 16. exd5 a5 17. fxe5 Nxe5 18. Bb5+ Kf8 19. Rge1 h4 20. Nd4 Rh5 21. Nf5 Bd8 22. g4 hxg3 23. Nxg3 Rxg5 24. Qxg5 Qxc2+ 25. Ka1 Nf3 26. Qe3 Nxe1 27. Rxe1 Bb6 28. Qe7+ Kg8 29. Rb1 Bd4 30. Qe2 b3 31. Qd2 Qxd2 0-1

[Event "Julius Baer Play-In"]
[Site "chess.com INT"]
[Date "2023.07.24"]
[Round "8.69"]
[White "Panesar, Vedant"]
[Black "Preotu, Razvan"]
[Result "1/2-1/2"]
[WhiteElo "2391"]
[BlackElo "2481"]
[WhiteFideId "-1"]
[WhiteFideId "-1"]
[PlyCount "66"]
[GameId "2130307556904781"]
[EventDate "2023.07.24"]
[EventType "swiss (rapid)"]
[EventRounds "9"]
[EventCountry "NET"]
[SourceTitle "The Week in Chess 1498"]
[Source "Mark Crowther"]
[SourceDate "2023.07.24"]
[SourceVersion "2"]
[SourceVersionDate "2023.07.25"]
[SourceQuality "2"]

1. c4 c5 2. Nf3 Nf6 3. Nc3 d5 4. cxd5 Nxd5 5. d4 Nxc3 6. bxc3 g6 7. e4 Bg7 8. Rb1 O-O 9. Be2 Nc6 10. d5 Ne5 11. Nxe5 Bxe5 12. Qd2 e6 13. f4 Bc7 14. O-O exd5 15. exd5 Ba5 16. d6 Rb8 17. Ba3 b6 18. Rb5 Bd7 19. Rxa5 bxa5 20. Bxc5 Qf6 21. f5 Rfe8 22. Bc4 Bxf5 23. d7 Red8 24. g4 Qh4 25. Bxf7+ Kxf7 26. Qd5+ Kg7 27. Bd4+ Kh6 28. gxf5 Rxd7 29. Qxd7 Qg4+ 30. Kh1 Qe4+ 31. Kg1 Qg4+ 32. Kh1 Qe4+ 33. Kg1 Qg4+ 1/2-1/2

[Event "Julius Baer Play-In"]
[Site "chess.com INT"]
[Date "2023.07.24"]
[Round "9.63"]
[White "Preotu, Razvan"]
[Black "Dehtiarov, Roman"]
[Result "1-0"]
[WhiteElo "2481"]
[BlackElo "2308"]
[WhiteFideId "-1"]
[WhiteFideId "-1"]
[PlyCount "139"]
[GameId "2130307556908888"]
[EventDate "2023.07.24"]
[EventType "swiss (rapid)"]
[EventRounds "9"]
[EventCountry "NET"]
[SourceTitle "The Week in Chess 1498"]
[Source "Mark Crowther"]
[SourceDate "2023.07.24"]
[SourceVersion "2"]
[SourceVersionDate "2023.07.25"]
[SourceQuality "2"]

1. e4 e5 2. Nf3 Nc6 3. Bc4 Bc5 4. c3 Nf6 5. d3 d6 6. O-O a6 7. a4 Ba7 8. Re1 h6 9. Nbd2 O-O 10. h3 Be6 11. Bxe6 fxe6 12. b4 Qe7 13. Nf1 Qf7 14. Ra2 Nh5 15. b5 Ne7 16. d4 exd4 17. cxd4 e5 18. Rc2 Ng6 19. Be3 axb5 20. axb5 exd4 21. Nxd4 Bxd4 22. Qxd4 Nhf4 23. Qc4 Qxc4 24. Rxc4 Ne6 25. Rd1 b6 26. g3 Ne5 27. Rc3 g5 28. Kg2 Ra4 29. Nd2 Nc5 30. Bxc5 bxc5 31. Nf3 Nxf3 32. Rxf3 Rxf3 33. Kxf3 Rb4 34. Ra1 Rxb5 35. Ra7 Kf7 36. Rxc7+ Kf6 37. Kg4 Rb4 38. f3 Kg6 39. h4 h5+ 40. Kh3 g4+ 41. fxg4 hxg4+ 42. Kxg4 Rxe4+ 43. Kf3 Rd4 44. g4 c4 45. Rc6 Kf6 46. Kg3 Rd3+ 47. Kf4 Rd4+ 48. Kf3 Rd3+ 49. Ke4 Rd1 50. Kf4 Rd4+ 51. Kf3 Ke5 52. h5 Rd3+ 53. Kg2 Rd4 54. Kg3 Rd3+ 55. Kh4 Kd5 56. Rc8 Rd1 57. Kg5 Rh1 58. Kh6 Kd4 59. g5 c3 60. g6 Rg1 61. g7 Kd3 62. g8=Q Rxg8 63. Rxg8 c2 64. Rc8 Kd2 65. Kg5 d5 66. h6 d4 67. h7 d3 68. h8=Q c1=Q 69. Rxc1 Kxc1 70. Qc3+ 1-0

[Event "Titled Tuesday 2023.07.18 Early"]
[Site "chess.com INT"]
[Date "2023.07.18"]
[Round "1"]
[White "Preotu, Razvan"]
[Black "Harriott, Tyrell"]
[Result "1-0"]
[WhiteElo "2481"]
[BlackElo "1819"]
[WhiteFideId "-1"]
[WhiteFideId "-1"]
[PlyCount "61"]
[GameId "2130307557243262"]
[EventDate "2023.07.18"]
[EventType "swiss (blitz)"]
[EventRounds "11"]
[EventCountry "NET"]
[SourceTitle "The Week in Chess 1498"]
[Source "Mark Crowther"]
[SourceDate "2023.07.24"]
[SourceVersion "2"]
[SourceVersionDate "2023.07.25"]
[SourceQuality "2"]

1. e4 d5 2. exd5 Nf6 3. d4 Qxd5 4. c4 Qe4+ 5. Ne2 e5 6. Nbc3 Bb4 7. Bd2 Bxc3 8. Bxc3 exd4 9. Qxd4 Nc6 10. Qxe4+ Nxe4 11. Bxg7 Rg8 12. Bc3 Bf5 13. Rd1 Ke7 14. Ng3 Bg6 15. Nxe4 Bxe4 16. f3 Bg6 17. Kf2 Rgd8 18. Be2 Bc2 19. Rc1 Bf5 20. Rhe1 f6 21. Bd3+ Be6 22. Bf5 Ne5 23. Bxe5 fxe5 24. Rxe5 Kf6 25. Rxe6+ Kxf5 26. Rce1 Rd2+ 27. Kf1 Rxb2 28. R1e5+ Kf4 29. g3+ Kxf3 30. Rf6+ Kg4 31. Rf4+ 1-0

[Event "Ontario Closed"]
[Site "Toronto CAN"]
[Date "2023.06.30"]
[Round "1.1"]
[White "Preotu, Razvan"]
[Black "Lakhani, Riyaan"]
[Result "1-0"]
[WhiteElo "2559"]
[BlackElo "1872"]
[WhiteFideId "-1"]
[WhiteFideId "-1"]
[PlyCount "49"]
[GameId "2160767907140538"]
[EventDate "2023.06.30"]
[EventType "swiss"]
[EventRounds "7"]
[EventCountry "CAN"]

1. e4 c5 2. Nf3 g6 3. d4 cxd4 4. Nxd4 Nc6 5. c4 Nf6 6. Nc3 d6 7. Be2 Bg7 8. Be3 O-O 9. O-O Bd7 10. Nc2 Rc8 11. f4 a6 12. Kh1 Na5 13. e5 Ne8 14. Nd5 Nxc4 15. Bxc4 Rxc4 16. Bb6 Qb8 17. Nce3 Re4 18. Qf3 Rxe3 19. Nxe7+ Kh8 20. Qxe3 dxe5 21. Rad1 exf4 22. Rxf4 Be6 23. Bd4 Qc7 24. Rh4 h5 25. Qh6# 1-0